[Event "NRW Class1 1819"]
[Site "Germany"]
[Date "2018.11.18"]
[Round "3.7"]
[White "Dueber, Olaf"]
[Black "Heedt, Thorsten"]
[Result "1-0"]
[WhiteElo "1943"]
[BlackElo "2018"]
[PlyCount "61"]
[EventDate "2018.09.16"]
[EventType "team-tourn"]
[EventRounds "9"]
[EventCountry "GER"]
[SourceTitle "EXT 2022"]
[Source "ChessBase"]
[SourceDate "2021.10.06"]
[SourceVersion "1"]
[SourceVersionDate "2021.10.06"]
[SourceQuality "1"]
[WhiteTeam "Weidenau/Geisweid"]
[BlackTeam "Porz SG II"]
[WhiteTeamCountry "GER"]
[BlackTeamCountry "GER"]

1. d4 g6 2. Bf4 Bg7 3. Nc3 d6 4. e4 c6 5. Qd2 b5 6. f3 a5 7. a3 Ba6 8. Nge2 Nd7 9. Nd1 c5 10. c3 Qb6 11. Ne3 Bb7 12. a4 b4 13. Nc4 Qc6 14. Nc1 d5 15. Ne5 Bxe5 16. Bxe5 f6 17. Bb5 Qe6 18. Nd3 Rc8 19. Bg3 dxe4 20. Nxc5 Rxc5 21. dxc5 exf3+ 22. Kf2 fxg2 23. Rhd1 Bc6 24. cxb4 axb4 25. Kg1 Ne5 26. Bxe5 fxe5 27. Bxc6+ Qxc6 28. Qd8+ Kf7 29. Qd5+ Qxd5 30. Rxd5 Ke6 31. Rd8 1-0

[Event "NRW Class1 1819"]
[Site "Germany"]
[Date "2018.09.16"]
[Round "1.7"]
[White "Heedt, Thorsten"]
[Black "Dierkes, Tobias"]
[Result "1/2-1/2"]
[WhiteElo "2018"]
[BlackElo "2116"]
[PlyCount "45"]
[EventDate "2018.09.16"]
[EventType "team-tourn"]
[EventRounds "9"]
[EventCountry "GER"]
[SourceTitle "EXT 2022"]
[Source "ChessBase"]
[SourceDate "2021.10.06"]
[SourceVersion "1"]
[SourceVersionDate "2021.10.06"]
[SourceQuality "1"]
[WhiteTeam "Porz SG II"]
[BlackTeam "Niederkassel"]
[WhiteTeamCountry "GER"]
[BlackTeamCountry "GER"]

1. e4 c5 2. Nf3 e6 3. d4 cxd4 4. Nxd4 a6 5. Nc3 Qc7 6. g3 b5 7. Bg2 Bb7 8. 0-0 Nf6 9. Re1 d6 10. Bg5 Nbd7 11. Qe2 e5 12. Nd5 Nxd5 13. exd5 Qc4 14. Ne6 fxe6 15. dxe6 Qxe2 16. exd7+ Kxd7 17. Rxe2 Bxg2 18. Kxg2 h6 19. Be3 Be7 20. Rd1 Rac8 21. f4 Bf6 22. fxe5 Bxe5 23. Bd4 1/2-1/2

[Event "Oberliga NRW 1516"]
[Site "Germany"]
[Date "2015.09.27"]
[Round "1.8"]
[White "Meertens, Martin"]
[Black "Heedt, Thorsten"]
[Result "1/2-1/2"]
[WhiteElo "2086"]
[BlackElo "2094"]
[PlyCount "47"]
[EventDate "2015.09.27"]
[EventType "team-tourn"]
[EventRounds "9"]
[EventCountry "GER"]
[SourceTitle "EXT 2017"]
[Source "ChessBase"]
[SourceDate "2016.10.25"]
[SourceVersion "1"]
[SourceVersionDate "2016.10.25"]
[SourceQuality "1"]
[WhiteTeam "Koeln SF"]
[BlackTeam "Koeln Porz II"]
[WhiteTeamCountry "GER"]
[BlackTeamCountry "GER"]

1. e4 g6 2. d4 Bg7 3. Nc3 d6 4. f4 a6 5. Nf3 Nd7 6. Be3 b5 7. Bd3 Bb7 8. a4 b4 9. Nb1 Ngf6 10. Nbd2 c5 11. Qe2 0-0 12. Bf2 Qc7 13. 0-0 d5 14. e5 c4 15. exf6 cxd3 16. cxd3 Bxf6 17. Rac1 Qa5 18. Ne5 Nxe5 19. dxe5 Bg7 20. b3 Rac8 21. Bd4 Rxc1 22. Rxc1 Rc8 23. Rxc8+ Bxc8 24. Qe3 1/2-1/2

[Event "Oberliga NRW 1011"]
[Site "Germany"]
[Date "2010.10.24"]
[Round "2.8"]
[White "Montignies, Rainer"]
[Black "Heedt, Thorsten"]
[Result "1/2-1/2"]
[WhiteElo "2242"]
[BlackElo "2160"]
[PlyCount "40"]
[EventDate "2010.09.26"]
[EventType "team-tourn"]
[EventRounds "9"]
[EventCountry "GER"]
[SourceTitle "EXT 2012"]
[Source "ChessBase"]
[SourceDate "2011.11.24"]
[SourceVersion "1"]
[SourceVersionDate "2011.11.24"]
[SourceQuality "1"]
[WhiteTeam "Duisburg"]
[BlackTeam "Koeln Porz II"]
[WhiteTeamCountry "GER"]
[BlackTeamCountry "GER"]

1. Nf3 Nf6 2. g3 g6 3. b3 Bg7 4. Bb2 0-0 5. Bg2 c5 6. c4 Nc6 7. d4 cxd4 8. Nxd4 a6 9. 0-0 Qc7 10. Qd2 b6 11. Nc3 Bb7 12. Rfd1 Rfd8 13. Nd5 Nxd5 14. cxd5 Nxd4 15. Bxd4 Qd6 16. Bxg7 Kxg7 17. Qd4+ Kg8 18. Rac1 Rac8 19. Qf4 Qxf4 20. gxf4 d6 1/2-1/2

[Event "Bayern-chI Bank Hofmann 11th"]
[Site "Bad Wiessee"]
[Date "2007.11.17"]
[Round "8"]
[White "Heedt, Thorsten"]
[Black "Meister, Peter"]
[Result "1/2-1/2"]
[WhiteElo "2166"]
[BlackElo "2411"]
[PlyCount "45"]
[EventDate "2007.11.10"]
[EventType "swiss"]
[EventRounds "9"]
[EventCountry "GER"]
[SourceTitle "CBM 121 Extra"]
[Source "ChessBase"]
[SourceDate "2008.01.10"]
[SourceVersion "1"]
[SourceVersionDate "2008.01.10"]
[SourceQuality "1"]

1. d4 e6 2. e4 d5 3. exd5 exd5 4. Nf3 Bd6 5. c4 c6 6. Nc3 Ne7 7. Bd3 0-0 8. Qc2 h6 9. 0-0 dxc4 10. Bxc4 Bf5 11. Qe2 Nd7 12. Ne5 Nb6 13. Bb3 Ned5 14. Ne4 Bc7 15. Ng3 Bh7 16. f4 f6 17. Nd3 Re8 18. Qf3 Kh8 19. Nc5 f5 20. Bd2 Qf6 21. Qf2 g5 22. Nd3 gxf4 23. Nh5 1/2-1/2

[Event "Biel MTO op 40th"]
[Site "Biel"]
[Date "2007.07.23"]
[Round "1"]
[White "Maze, Sebastien"]
[Black "Heedt, Thorsten"]
[Result "1-0"]
[WhiteElo "2530"]
[BlackElo "2173"]
[PlyCount "49"]
[EventDate "2007.07.23"]
[EventType "swiss"]
[EventRounds "11"]
[EventCountry "SUI"]
[SourceTitle "CBM 119 Extra"]
[Source "ChessBase"]
[SourceDate "2007.09.04"]
[SourceVersion "1"]
[SourceVersionDate "2007.09.04"]
[SourceQuality "1"]

1. e4 c5 2. Nf3 g6 3. c3 Bg7 4. d4 Qc7 5. g3 cxd4 6. cxd4 Nc6 7. Nc3 a6 8. Bg2 d6 9. h3 Nf6 10. 0-0 0-0 11. Bg5 e6 12. Rc1 Qb6 13. Qd2 Bd7 14. e5 Ne8 15. Ne4 f6 16. exf6 Nxf6 17. Nxd6 Nd5 18. Nc4 Qa7 19. Nfe5 b5 20. Nxd7 bxc4 21. Nxf8 Rxf8 22. Rxc4 Nxd4 23. Be3 Nxe3 24. Qxe3 e5 25. Rfc1 1-0

[Event "Maastricht Limburg op"]
[Site "Maastricht"]
[Date "2007.05.25"]
[Round "1"]
[White "Heedt, Thorsten"]
[Black "Wemmers, Xander"]
[Result "0-1"]
[WhiteElo "2187"]
[BlackElo "2415"]
[PlyCount "76"]
[EventDate "2007.05.25"]
[EventType "swiss"]
[EventRounds "7"]
[EventCountry "NED"]
[SourceTitle "CBM 118 Extra"]
[Source "ChessBase"]
[SourceDate "2007.07.04"]
[SourceVersion "1"]
[SourceVersionDate "2007.07.04"]
[SourceQuality "1"]

1. c4 Nf6 2. g3 e6 3. Bg2 d5 4. d4 dxc4 5. Qa4+ Bd7 6. Qxc4 Bc6 7. Nf3 Nbd7 8. 0-0 Be7 9. Nc3 0-0 10. Re1 Bxf3 11. Bxf3 c6 12. e4 e5 13. Be3 exd4 14. Qxd4 Bc5 15. Qd1 Bxe3 16. Rxe3 Qe7 17. Bg2 Ne5 18. Qc2 Rad8 19. Rae1 Qc5 20. h3 Rd7 21. Rd1 Rfd8 22. Rxd7 Rxd7 23. Re1 h5 24. Rd1 h4 25. Rxd7 Nfxd7 26. Kh2 hxg3+ 27. fxg3 Nf8 28. Qe2 Ne6 29. Nd1 Nd4 30. Qf2 f6 31. Kh1 a5 32. Nc3 b5 33. Ne2 Qc2 34. Qxd4 Qxe2 35. Qd8+ Kf7 36. Qd4 a4 37. g4 Qd3 38. Qf2 Qb1+ 0-1

[Event "NRW Class1 0607"]
[Site "Germany"]
[Date "2007.01.28"]
[Round "5.2"]
[White "Heedt, Thorsten"]
[Black "Matthias, Heiner"]
[Result "0-1"]
[WhiteElo "2192"]
[BlackElo "2388"]
[PlyCount "110"]
[EventDate "2006.09.17"]
[EventType "team-tourn"]
[EventRounds "9"]
[EventCountry "GER"]
[SourceTitle "EXT 2008"]
[Source "ChessBase"]
[SourceDate "2007.11.25"]
[SourceVersion "1"]
[SourceVersionDate "2007.11.25"]
[SourceQuality "1"]
[WhiteTeam "Koeln Porz III"]
[BlackTeam "Lippstadt Turm"]
[WhiteTeamCountry "GER"]
[BlackTeamCountry "GER"]

1. e4 c5 2. Nc3 e6 3. g3 Nc6 4. Bg2 Be7 5. f4 Rb8 6. Nf3 b5 7. 0-0 b4 8. Ne2 Nf6 9. d3 0-0 10. Kh1 d5 11. e5 Nd7 12. Be3 a5 13. g4 f6 14. exf6 Nxf6 15. h3 d4 16. Bg1 Bb7 17. Ng5 Qd7 18. Ng3 Nd5 19. Qd2 Rxf4 20. Rxf4 Bxg5 21. Rf8+ Rxf8 22. Qxg5 h6 23. Qd2 Nf4 24. Ne4 Nxg2 25. Qxg2 Ne5 26. Qg3 Bxe4+ 27. dxe4 Ng6 28. c3 e5 29. cxd4 cxd4 30. Bh2 d3 31. Rd1 Qd4 32. Qxd3 Qxb2 33. Qb3+ Qxb3 34. axb3 Rf3 35. Rd5 Rxb3 36. Rxa5 Rxh3 37. Kg1 Re3 38. Bxe5 Rxe4 39. Bd6 Rxg4+ 40. Kh2 Rd4 41. Bc5 Rc4 42. Rb5 b3 43. Ba3 Rc3 44. Kg1 Rd3 45. Kf2 Nf4 46. Ke1 g5 47. Bc1 Rh3 48. Bxf4 gxf4 49. Kf2 Rc3 50. Rb4 f3 51. Rf4 Kg7 52. Kg3 Kg6 53. Rb4 Kf5 54. Rb8 Ke4 55. Rd8 Ke3 0-1

[Event "NRW Class1 0607"]
[Site "Germany"]
[Date "2006.12.17"]
[Round "4.3"]
[White "Heedt, Thorsten"]
[Black "Moerschbach, Udo"]
[Result "1-0"]
[WhiteElo "2192"]
[BlackElo "2139"]
[PlyCount "95"]
[EventDate "2006.09.17"]
[EventType "team-tourn"]
[EventRounds "9"]
[EventCountry "GER"]
[SourceTitle "EXT 2008"]
[Source "ChessBase"]
[SourceDate "2007.11.25"]
[SourceVersion "1"]
[SourceVersionDate "2007.11.25"]
[SourceQuality "1"]
[WhiteTeam "Koeln Porz III"]
[BlackTeam "Koeln SF II"]
[WhiteTeamCountry "GER"]
[BlackTeamCountry "GER"]

1. c4 Nf6 2. g3 g6 3. Bg2 Bg7 4. Nc3 0-0 5. e4 e5 6. Nge2 Nc6 7. 0-0 Re8 8. d3 d6 9. h3 Nd4 10. Nxd4 exd4 11. Ne2 Nd7 12. f4 a5 13. g4 Nc5 14. f5 c6 15. Bf4 g5 16. Bg3 Be5 17. Bf2 Qf6 18. Ng3 b5 19. Nh5 Qd8 20. cxb5 cxb5 21. f6 Ne6 22. Bg3 h6 23. Qd2 Kh7 24. Qf2 Ra7 25. Rad1 Nf8 26. Bxe5 dxe5 27. Ng7 Ng6 28. Nxe8 Qxe8 29. Rc1 Nf4 30. Qc2 Bd7 31. Qc5 Ra6 32. Rcd1 Rxf6 33. Rf2 Rc6 34. Qa7 a4 35. Bf1 Qc8 36. Qa5 Bxg4 37. Rdd2 Rc1 38. Kh2 Rxf1 39. Rxf1 Bxh3 40. Qa7 Kg7 41. Rxf4 gxf4 42. Qe7 Qg4 43. Qxe5+ Kg6 44. Qxd4 Qg3+ 45. Kh1 Bg4 46. Rg2 Bf3 47. Qf2 h5 48. Qxf3 1-0

[Event "NRW Class1 0607"]
[Site "Germany"]
[Date "2006.11.26"]
[Round "3.4"]
[White "Heedt, Thorsten"]
[Black "Kotter, Ralf"]
[Result "1/2-1/2"]
[WhiteElo "2192"]
[BlackElo "2325"]
[PlyCount "56"]
[EventDate "2006.09.17"]
[EventType "team-tourn"]
[EventRounds "9"]
[EventCountry "GER"]
[SourceTitle "EXT 2008"]
[Source "ChessBase"]
[SourceDate "2007.11.25"]
[SourceVersion "1"]
[SourceVersionDate "2007.11.25"]
[SourceQuality "1"]
[WhiteTeam "Koeln Porz III"]
[BlackTeam "Gelsenkirchen"]
[WhiteTeamCountry "GER"]
[BlackTeamCountry "GER"]

1. e4 c5 2. Nf3 e6 3. d4 cxd4 4. Nxd4 a6 5. Be2 Nf6 6. Nd2 Qc7 7. 0-0 Bd6 8. N4f3 b5 9. a4 Bb7 10. axb5 Nxe4 11. Nxe4 Bxe4 12. Qd4 Bxf3 13. Bxf3 Bxh2+ 14. Kh1 Be5 15. Qe3 d5 16. b6 Qc4 17. Qxe5 Qxf1+ 18. Kh2 Nd7 19. b7 Rb8 20. Qxg7 Rf8 21. b3 Qxf2 22. Bg5 h6 23. Qxh6 Qd4 24. Rxa6 Qe5+ 25. Kg1 Qe1+ 26. Kh2 Qe5+ 27. Kg1 Qe1+ 28. Kh2 Qe5+ 1/2-1/2

[Event "NRW Class2 0506"]
[Site "Germany"]
[Date "2006.03.05"]
[Round "7.4"]
[White "Peist, Juergen"]
[Black "Heedt, Thorsten"]
[Result "1-0"]
[WhiteElo "2260"]
[BlackElo "2175"]
[PlyCount "65"]
[EventDate "2005.09.25"]
[EventType "team"]
[EventRounds "9"]
[EventCountry "GER"]
[SourceTitle "EXT 2006"]
[Source "ChessBase"]
[SourceDate "2005.11.24"]
[SourceVersion "1"]
[SourceVersionDate "2005.11.24"]
[SourceQuality "1"]
[WhiteTeam "Herford"]
[BlackTeam "Koeln Porz III"]
[WhiteTeamCountry "GER"]
[BlackTeamCountry "GER"]

1. d4 Nf6 2. Nf3 e6 3. c4 b6 4. e3 Bb7 5. Bd3 Bb4+ 6. Nc3 Ne4 7. 0-0 f5 8. Qc2 Bxc3 9. bxc3 0-0 10. Nd2 Qh4 11. f3 Nxd2 12. Bxd2 d6 13. Rae1 Nd7 14. Bc1 Rf6 15. Qf2 Qh5 16. a4 a5 17. Ba3 Qe8 18. e4 fxe4 19. Bxe4 Bxe4 20. Rxe4 Qg6 21. Rfe1 Raf8 22. Kh1 e5 23. Qe2 Rf4 24. Rxf4 Rxf4 25. c5 dxc5 26. dxe5 Qe6 27. Bc1 Rxa4 28. f4 Ra2 29. Qe4 g6 30. h3 h5 31. f5 gxf5 32. Qh4 Qg6 33. Qc4+ 1-0

[Event "NRW Class2 0506"]
[Site "Germany"]
[Date "2005.11.06"]
[Round "3.4"]
[White "Lutz, Anke"]
[Black "Heedt, Thorsten"]
[Result "1/2-1/2"]
[WhiteElo "2189"]
[BlackElo "2175"]
[PlyCount "100"]
[EventDate "2005.09.25"]
[EventType "team"]
[EventRounds "9"]
[EventCountry "GER"]
[SourceTitle "EXT 2006"]
[Source "ChessBase"]
[SourceDate "2005.11.24"]
[SourceVersion "1"]
[SourceVersionDate "2005.11.24"]
[SourceQuality "1"]
[WhiteTeam "Duesseldorf"]
[BlackTeam "Koeln Porz III"]
[WhiteTeamCountry "GER"]
[BlackTeamCountry "GER"]

1. e4 g6 2. d4 Bg7 3. Nc3 d6 4. Be2 Nc6 5. Be3 e5 6. dxe5 Nxe5 7. f4 Nc6 8. Qd2 Nf6 9. 0-0-0 Ng4 10. Bxg4 Bxg4 11. Re1 0-0 12. h3 Be6 13. Nf3 b5 14. Kb1 Na5 15. Bd4 f6 16. f5 Bf7 17. h4 c5 18. Bf2 Nc4 19. Qc1 gxf5 20. h5 fxe4 21. h6 Bh8 22. Rxe4 f5 23. Bh4 Qa5 24. Qg5+ Bg6 25. Re6 Bxc3 26. Rxg6+ hxg6 27. Qxg6+ Kh8 28. Ng5 Qc7 29. bxc3 Ne5 30. Qe6 Rae8 31. Qb3 c4 32. Qa3 a5 33. Ka1 Qc6 34. Rd1 d5 35. Bg3 f4 36. Bf2 Qg6 37. Nf3 Qxc2 38. Rd2 Qf5 39. Bd4 Kh7 40. Nxe5 Rxe5 41. Bxe5 Qxe5 42. Rxd5 Qe1+ 43. Kb2 Qf2+ 44. Kc1 Re8 45. Rd7+ Kh8 46. Rd1 Qe3+ 47. Kb1 Qe4+ 48. Kc1 Qe3+ 49. Kb1 Qe4+ 50. Kc1 Qe3+ 1/2-1/2

[Event "Biel MTO op"]
[Site "Biel"]
[Date "2005.07.29"]
[Round "11"]
[White "Pg, Mohd Omar Ak Hirawa"]
[Black "Heedt, Thorsten"]
[Result "0-1"]
[WhiteElo "2364"]
[BlackElo "2175"]
[PlyCount "68"]
[EventDate "2005.07.18"]
[EventType "swiss"]
[EventRounds "11"]
[EventCountry "SUI"]
[SourceTitle "CBM 107 Extra"]
[Source "ChessBase"]
[SourceDate "2005.09.01"]
[SourceVersion "1"]
[SourceVersionDate "2005.09.01"]
[SourceQuality "1"]

1. e4 g6 2. d4 Bg7 3. Nc3 a6 4. f4 b5 5. Nf3 d6 6. Bd3 Bb7 7. 0-0 Nf6 8. e5 Nd5 9. e6 fxe6 10. Ng5 Bxd4+ 11. Kh1 Bf6 12. Nxh7 Nxc3 13. bxc3 Kd7 14. Ng5 Qg8 15. Ne4 Kc8 16. Rb1 Nd7 17. a4 Nc5 18. Qe1 Nxa4 19. Nxf6 exf6 20. Kg1 Nc5 21. c4 Nxd3 22. cxd3 Kd7 23. Qe2 Qh7 24. h3 Qh5 25. Qf2 Bc6 26. Bb2 bxc4 27. Bxf6 Rhf8 28. Bg5 e5 29. Qe3 Rae8 30. g4 Qh7 31. h4 exf4 32. Qa7 Re2 33. Rf2 Rfe8 34. Rb6 Ra8 0-1

[Event "IECG WC.2008.S.00009"]
[Site "IECG email"]
[Date "2005.07.17"]
[Round "?"]
[White "Heedt, Thorsten"]
[Black "Starke, Rene Reiner"]
[Result "1/2-1/2"]
[WhiteElo "2220"]
[BlackElo "2438"]
[PlyCount "31"]
[EventDate "2005.07.17"]
[EventType "tourn (corr)"]
[EventRounds "6"]
[SourceTitle "Corr 2008"]
[Source "ChessBase"]
[SourceDate "2008.06.24"]
[SourceVersion "1"]
[SourceVersionDate "2008.06.24"]
[SourceQuality "1"]

1. d4 d5 2. c4 c6 3. Nf3 Nf6 4. Qb3 e6 5. g3 dxc4 6. Qxc4 Be7 7. Bg2 0-0 8. 0-0 b5 9. Qc2 Bb7 10. Nc3 Nbd7 11. Bg5 c5 12. dxc5 b4 13. Na4 Be4 14. Qc4 Qa5 15. b3 Bd5 16. Qh4 1/2-1/2

[Event "Leverkusen-ch op"]
[Site "Leverkusen"]
[Date "2005.02.21"]
[Round "5"]
[White "Birnkott, Manfred"]
[Black "Heedt, Thorsten"]
[Result "0-1"]
[WhiteElo "1904"]
[BlackElo "2192"]
[PlyCount "122"]
[EventDate "2005.01.10"]
[EventType "swiss"]
[EventRounds "9"]
[EventCountry "GER"]
[SourceTitle "EXT 2006"]
[Source "ChessBase"]
[SourceDate "2005.11.24"]
[SourceVersion "1"]
[SourceVersionDate "2005.11.24"]
[SourceQuality "1"]

1. e4 c5 2. Nf3 d6 3. d4 cxd4 4. Nxd4 Nf6 5. Nc3 a6 6. Be2 e5 7. Nb3 Be7 8. 0-0 0-0 9. Be3 Be6 10. f3 a5 11. Bb5 Nbd7 12. Qe2 Qc7 13. Rfd1 Rfd8 14. a4 b6 15. Rac1 h6 16. Qf2 Nc5 17. Nd5 Nxd5 18. exd5 Bf5 19. Nxc5 bxc5 20. b3 Bg6 21. Bd3 f5 22. f4 Rf8 23. Kh1 Kh7 24. Rg1 Bf6 25. g4 exf4 26. Qxf4 Bg5 27. Qf3 Bxe3 28. Qxe3 Rae8 29. Qf3 Qf7 30. gxf5 Bxf5 31. Qxf5+ Qxf5 32. Bxf5+ Rxf5 33. Rcd1 Ree5 34. c4 Re3 35. Rg3 Rff3 36. Rxf3 Rxf3 37. Rb1 Kg6 38. Kg2 Rd3 39. Re1 Rxb3 40. Re6+ Kf5 41. Rxd6 Rb4 42. Rd7 Rxc4 43. Rxg7 Ke5 44. d6 Kxd6 45. Rg6+ Kd5 46. Rxh6 Rxa4 47. Kf3 Rd4 48. Ra6 a4 49. Ke3 Rh4 50. Kf3 Rb4 51. Ke3 Kc4 52. h4 Kb3 53. h5 a3 54. h6 Rh4 55. Rb6+ Kc2 56. Rc6 c4 57. h7 c3 58. Ra6 Kb2 59. Rb6+ Kc1 60. Ra6 c2 61. Rxa3 Kb2 0-1

[Event "NRW Class1 0405"]
[Site "Germany"]
[Date "2005.01.09"]
[Round "5.4"]
[White "Kartsev, Soel"]
[Black "Heedt, Thorsten"]
[Result "1/2-1/2"]
[WhiteElo "2242"]
[BlackElo "2192"]
[PlyCount "150"]
[EventDate "2004.10.10"]
[EventType "team"]
[EventRounds "9"]
[EventCountry "GER"]
[SourceTitle "EXT 2006"]
[Source "ChessBase"]
[SourceDate "2005.11.24"]
[SourceVersion "1"]
[SourceVersionDate "2005.11.24"]
[SourceQuality "1"]
[WhiteTeam "Brackel"]
[BlackTeam "Koeln Porz III"]
[WhiteTeamCountry "GER"]
[BlackTeamCountry "GER"]

1. d4 Nf6 2. Bg5 c6 3. Bxf6 exf6 4. e3 d5 5. c4 dxc4 6. Bxc4 Bd6 7. Ne2 0-0 8. Nbc3 Nd7 9. e4 a6 10. a4 c5 11. 0-0 cxd4 12. Nd5 Nb6 13. Qxd4 Nxd5 14. Bxd5 Qe7 15. Ng3 Rd8 16. Rac1 Be6 17. Qb6 Bxd5 18. exd5 Bxg3 19. hxg3 Rd6 20. Rc7 Qd8 21. Qxb7 Rb8 22. Qa7 Ra8 23. Qc5 Rxd5 24. Qe7 Qxe7 25. Rxe7 Rd4 26. Rfe1 h5 27. b3 Rb4 28. Re8+ Rxe8 29. Rxe8+ Kh7 30. Re3 Rd4 31. f3 Rd2 32. Re7 Rb2 33. Rb7 a5 34. Rxf7 Rxb3 35. Ra7 Ra3 36. Rxa5 Kg6 37. Kh2 Ra1 38. Ra7 f5 39. Ra6+ Kh7 40. Ra5 Kg6 41. Ra8 Kh7 42. Ra6 g6 43. Ra7+ Kg8 44. a5 Kh8 45. g4 fxg4 46. fxg4 h4 47. g5 Ra3 48. a6 Kg8 49. Kg1 Ra2 50. Kf1 Kh8 51. Ra8+ Kg7 52. a7 Ra1+ 53. Kf2 Ra2+ 54. Kf3 Ra3+ 55. Kf4 Ra4+ 56. Ke3 Ra3+ 57. Kd4 Ra1 58. Kc3 Ra4 59. Kd3 Ra1 60. Ke4 Re1+ 61. Kf3 Ra1 62. Kg4 Ra4+ 63. Kh3 Kh7 64. Rd8 Rxa7 65. Kxh4 Ra4+ 66. Kg3 Kg7 67. Rd7+ Kg8 68. Kf3 Rb4 69. Re7 Kf8 70. Re4 Rb5 71. Kf4 Kf7 72. Rc4 Rf5+ 73. Kg4 Rb5 74. Rc7+ Kg8 75. Rc6 Kg7 1/2-1/2

[Event "Goch op 15th"]
[Site "Goch"]
[Date "2004.10.02"]
[Round "4"]
[White "Sondermann, Johannes"]
[Black "Heedt, Thorsten"]
[Result "1/2-1/2"]
[WhiteElo "2141"]
[BlackElo "2192"]
[PlyCount "94"]
[EventDate "2004.09.30"]
[EventType "swiss"]
[EventRounds "7"]
[EventCountry "GER"]
[SourceTitle "EXT 2006"]
[Source "ChessBase"]
[SourceDate "2005.11.24"]
[SourceVersion "1"]
[SourceVersionDate "2005.11.24"]
[SourceQuality "1"]

1. e4 g6 2. d4 Bg7 3. c4 c5 4. d5 d6 5. Nc3 Nf6 6. f4 0-0 7. Nf3 Bg4 8. Be2 e6 9. 0-0 exd5 10. cxd5 Bxf3 11. Bxf3 Nbd7 12. Re1 Re8 13. g4 h6 14. h4 Nh7 15. g5 hxg5 16. hxg5 f6 17. Bg4 fxg5 18. Be6+ Kh8 19. fxg5 Ndf8 20. Kg2 Nxe6 21. dxe6 Rxe6 22. Rh1 Bxc3 23. bxc3 Rxe4 24. c4 Qe7 25. Bb2+ Kg8 26. Qd5+ Qe6 27. Rxh7 Re2+ 28. Kf1 Rf8+ 29. Bf6 Rxf6+ 30. gxf6 Kxh7 31. Qh1+ Kg8 32. Qh6 Rf2+ 33. Kxf2 Qxf6+ 34. Ke3 Qd4+ 35. Kf3 Qxa1 36. Qxg6+ Qg7 37. Qxd6 b6 38. Ke4 Qg4+ 39. Kd5 Qd4+ 40. Kc6 Qxd6+ 41. Kxd6 Kf7 42. a4 Kf6 43. Kd5 Kf5 44. Kc6 Ke5 45. Kb7 Kd4 46. Kxa7 Kxc4 47. Kxb6 Kb3 1/2-1/2

[Event "Goch op 15th"]
[Site "Goch"]
[Date "2004.10.01"]
[Round "2"]
[White "Frericks, Harald"]
[Black "Heedt, Thorsten"]
[Result "1-0"]
[WhiteElo "2051"]
[BlackElo "2192"]
[PlyCount "37"]
[EventDate "2004.09.30"]
[EventType "swiss"]
[EventRounds "7"]
[EventCountry "GER"]
[SourceTitle "EXT 2006"]
[Source "ChessBase"]
[SourceDate "2005.11.24"]
[SourceVersion "1"]
[SourceVersionDate "2005.11.24"]
[SourceQuality "1"]

1. e4 b6 2. d4 Bb7 3. Bd3 e6 4. Nf3 c5 5. c3 cxd4 6. cxd4 Bb4+ 7. Bd2 Bxd2+ 8. Qxd2 Ne7 9. Nc3 0-0 10. 0-0 f5 11. d5 Kh8 12. Rad1 exd5 13. exf5 Nxf5 14. Qf4 Qf6 15. Rfe1 d4 16. Bxf5 dxc3 17. Rd6 Qf7 18. Ng5 Qh5 19. Bg6 1-0

[Event "IECG TE.2004.P.01601 email"]
[Site "IECG email"]
[Date "2004.09.22"]
[Round "?"]
[White "Heedt, Thorsten"]
[Black "Van der Voort, Patrick"]
[Result "1-0"]
[WhiteElo "2244"]
[BlackElo "1815"]
[PlyCount "21"]
[EventDate "2004.09.22"]
[EventType "tourn (corr)"]
[EventRounds "8"]
[SourceTitle "Corr 2024"]
[Source "ChessBase"]
[SourceDate "2023.10.19"]
[SourceVersion "1"]
[SourceVersionDate "2023.10.19"]
[SourceQuality "1"]

1. e4 c6 2. d4 d5 3. e5 Bf5 4. c3 e6 5. Be2 c5 6. Nf3 Nc6 7. 0-0 Bg4 8. Be3 Qb6 9. Nbd2 Qxb2 10. Rb1 Qa3 11. Rxb7 1-0